00700nam a22001937a 450000500170000001000150001702000300003203500140006203700130007608200130008910000230010224500820012525000120020726000440021927001110026330000890037470000190046370000240048220210408163520.0 aENG-129405 c195.00a978-93-88016-43-8 aEN-112937 bDBAD/PUB a371.9046 aMishra, Premananda aInclusive Education/bPremananda Mishra, Farzana Shehla and K. Srinivas Reddy areprint aNew DelhibNeelkamal Publicationsc2020 a4764/1, 23, Ansari Road, DaryaganjbNew Delhie110002k011-23244237, 98118-28953mneelkamalbooks@gmail.com axii+202p.c24cm(pbk)bincluding bibliographical references, index and illustrations. aFarzana Shehla aReddy, K. Srinivas